Van nostrands scientific encyclopeia (Record no. 1711)

MARC details
000 -LEADER
fixed length control field 00405nam a2200145Ia 4500
003 - CONTROL NUMBER IDENTIFIER
control field IN-BaIIA
005 - DATE AND TIME OF LATEST TRANSACTION
control field 20250707122054.0
008 - FIXED-LENGTH DATA ELEMENTS--GENERAL INFORMATION
fixed length control field 211028s9999 xx 000 0 eng d
040 ## - CATALOGING SOURCE
Transcribing agency IIA Library
080 ## - UNIVERSAL DECIMAL CLASSIFICATION NUMBER
Universal Decimal Classification number 03:5
Item number VAN
245 #0 - TITLE STATEMENT
Title Van nostrands scientific encyclopeia
Statement of responsibility, etc. edited by Douglas M. Considine
260 ## - PUBLICATION, DISTRIBUTION, ETC.
Place of publication, distribution, etc. Prienston
Name of publisher, distributor, etc. D. Van Nostrand
Date of publication, distribution, etc. 1958
650 ## - SUBJECT ADDED ENTRY--TOPICAL TERM
Topical term or geographic name entry element Encyclopedia
9 (RLIN) 1112
942 ## - ADDED ENTRY ELEMENTS (KOHA)
Koha item type Books
Source of classification or shelving scheme Universal Decimal Classification
Holdings
Withdrawn status Lost status Source of classification or shelving scheme Damaged status Not for loan Home library Current library Shelving location Date acquired Total Checkouts Full call number Barcode Date last seen Price effective from Koha item type Purchase Price
    Dewey Decimal Classification     IIA Library-Bangalore IIA Library-Kodaikanal General Stacks     03:5/ VAN 1875 05/11/2021   Books  

Powered by Koha